El delito de conduccin̤ de vehc̕ulos a motor o ciclomotores sin licencia administrativa cometido por menores de edad

Detalles Bibliográficos
Autor principal: Morillas Fernandez, David L.
Formato: eBook
Lenguaje:español
Publicado: Madrid: Dykinson, 2018
Materias:
Acceso en línea:Acceso restringido

MARC

LEADER 00000nam a22000007a 4500
005 20190830221011.0
007 cr|||| ||||
008 190830s2018 es |||||s|||| 00||0 spa d
020 |a 978-84-1324-222-4 
035 |a 24192 
040 |a vLex 
090 |c 9335  |d 9335 
100 1 |a Morillas Fernandez, David L. 
245 1 2 |a El delito de conduccin̤ de vehc̕ulos a motor o ciclomotores sin licencia administrativa cometido por menores de edad  |h [Recurso electrn̤ico] /  |c David L. Morillas Fernandez 
256 |a Servicio en ln̕ea 
260 |a Madrid:  |b Dykinson,  |c 2018 
300 |a 1 recurso electrn̤ico 
500 |a La presente obra recoge los resultados obtenidos por el Proyecto de Investigacin̤ “Nuevas propuestas polt̕ico-criminales para el delito de conduccin̤ sin licencia administrativa de vehc̕ulos a motor o ciclomotores cometidos por menores de edad”, financiado por la Direccin̤ General de Trf̀ico (Ministerio del Interior). Las ln̕eas de investigacin̤ desarrolladas y presentadas pueden delimitarse en tres m̀bitos: A) Un exhaustivo y detallado anl̀isis del artc̕ulo 384 del Cd̤igo Penal, trasladǹdolo al m̀bito de los menores de edad, siendo objeto de un particular anl̀isis dogmt̀ico y jurisprudencial la evolucin̤ del delito; la identificacin̤ del bien jurd̕ico protegido; la doble incriminacin̤ de la conducta, va̕ penal o administrativa; las distintas modalidades comisivas y su concurrencia prc̀tica; el grado de culpabilidad necesario; la responsabilidad penal de otras personas participantes en el hecho criminal; medidas imponibles; concurso de delitos vs concurso de infracciones; reincidencia; simulacin̤ del delito como forma de encubrimiento; el vehc̕ulo a motor como instrumento del delito y el procedimiento de menores. B) Estudio empr̕ico realizado sobre una muestra de 100 resoluciones judiciales dictadas en los juzgados de Menores de Almera̕, Granada, Jaň y Murcia en el aǫ 2017 por delito de conduccin̤ sin licencia administrativa de vehc̕ulos a motor o ciclomotores cometido por menores. Entre otras variables analizadas destacan: edad, sexo, nacionalidad, nivel educativo, trabajo, presencia de enfermedad mental, modalidad comisiva particular, consumo de alcohol/drogas, caracters̕ticas del vehc̕ulo empleado, titularidad, procedimiento de la deteccin̤ del delito, medida aplicable al menor, antecedentes penales (…). C) Estudio de Derecho Comparado. Se han analizado las legislaciones italiana, francesa y britǹica con el props̤ito de conocer otros modelos incriminatorios y poder exportar nuevas propuesta polt̕ico-criminales a nuestro ordenamiento jurd̕ico. 
506 1 |a Disponible solo en los productos indicados  |d vLex Global  |d vLex Global (Academic Edition, excluding Law Schools)  |d vLex Global (U.S. Academic Edition, Law Schools)  |d vLex Global (U.S. Academic Edition, excluding Law Schools)  |d vLex Global (Academic Edition, Law Schools) 
650 0 4 |a Derecho Penal  |z Espaą 
740 0 |a vLex Libros (Servicio en ln̕ea) 
856 4 0 |u http://vlex.com/source/delito-de-conduccion-de-vehiculos-a-motor-o-ciclomotores-sin-licencia-administrativa-cometido-por-menores-de-edad-24192  |z Acceso restringido 
942 |c BOOK 
999 0 |a Criminal law